000 01020nam a2200241Ia 4500
003 OSt
005 20220923222106.0
006 a|||||r|||| 00| 0
007 ta
008 220922b |||||||| |||| 00| 0 hin d
024 _a203,014
037 _cTextual
040 _aARTS
_cARTS
_bhin
041 _2hin
_ahin
082 _aO157,6M61x, 152K4.1-.2
100 _aटैगोर, रवीन्द्रनाथ; नरवणे, विश्वनाथ, अनु.
_9165915
245 0 _aनिबन्ध
_bदार्शनिक शैक्षणिक सामाजिक और राजनैतिक निबन्ध
246 _aNibandha:dārshanik shaikṣhaṇik sāmājik aur rājanaitik nibandha
260 _c1964
650 _aबंगाली साहित्य
_9156264
942 _hO157,6M61x, 152K4.1-.2
_cTEXL
_2CC
999 _c353795
_d353795